000 01010cam a22003257a 4500
003 CHAP
005 20220329143025.0
008 050830d2003 es ad r 00110 spa d
010 _a90825
011 _a91797
020 _a8420533424
035 _a102360
040 _cCHAP
082 0 4 _a530
_bD44 2003
100 0 0 _aDe Juana, José María.
_931394
245 1 0 _aFísica general
_c/por José María De Juana
250 _a2 ed.
260 _aMadrid :
_bPearson Educación,
_c2003
300 _a539 p. :
_bilus. ; gráfs. ; tablas
590 _aBATCH-UPD
_b10
_c20130110
_lUCH01
_h0832
590 _aBATCH-UPD
_b10
_c20130410
_lUCH01
_h0510
590 _aBATCH-UPD
_b10
_c20130914
_lUCH01
_h1422
590 _aCONVERSION
_b10
_c20130109
_lUCH01
_h1350
650 1 4 _aFísica.
_941975
650 1 4 _aFísica
_xEstudio y enseñanza.
_941980
901 _aBK
905 _aMarco A. Mendoza T.
942 _cLIBRO
949 _a530 D44 2003
_bBC
_cLIBRO
_d33724000976999
_eLIBRO
_fv.1
_gI.c/e
_h106725
_i102360
_si
_t$289.00
999 _c90825
_d90825